In quale Oceano si trova l'Isola? - Quiz n°1 - Statistics

Statistiche generali
  • Questo quiz è stato fatto 92 volte
  • Il punteggio medio è 8 su 10
Statistiche sulle risposte
Hint Risposta % Corretto
Irlanda Oceano Atlantico
100%
Madagascar Oceano Indiano
95%
Tenerife Oceano Atlantico
94%
Groenlandia Oceano Atlantico
90%
Porto Rico Oceano Atlantico
85%
Mindanao Oceano Pacifico
74%
Luzon Oceano Pacifico
68%
Honshū Oceano Pacifico
68%
Formosa Oceano Pacifico
50%
Isola del Sud Oceano Pacifico
50%
Nessun quiz corrispondente trovato
Distribuzione punteggi
Percentuale di utenti per punteggio
Percentile per numero di risposta
I tuoi punteggi nel tempo
Non hai fatto questo quiz